000 00409nam a22001577a 4500
020 _a987507134-X
080 _a842.4 (821.9) C 626
245 _aConstituciòn de la Provincia de Formosa
260 _aBuenos Aires
_bCiudad Argentina
_c1999
300 _a80 P.
490 _aConstituciones provinciales Argentinas
650 _xConstituciòn
700 _aFormosa
945 _acd
_d2015-05-22
999 _c3925
_d234429
942 _6_